000 00988nam a22003137a 4500
001 171
003 FISKH
005 20250703150506.0
008 230301b cb ||||| |||| 00| 0 eng d
020 _a9780590590891
040 _aDLC
_cDLC
_dDLC
_dFISKH
_beng
042 _alcac
050 0 0 _aPZ7.S1185
_bTh 1987
082 0 0 _a813.54
_219
100 1 _aSachar, Louis,
_d1954-
245 1 0 _aThere's a boy in the girls bathroom /
_cby Louis Sachar.
260 _aNew York :
_bScholastic,
_c1987
300 _a195 pages :
_c20 cm
505 _aF
520 _aAn unmanageable, but lovable, eleven-year-old misfit learns to believe in himself when he gets to know the new school counselor, who is a sort of misfit too.
521 8 _a490
_bLexile
521 8 _aF
_bRaz-Plus
650 1 _aBehavior
_xFiction.
650 1 _aFriendship
_xFiction.
650 1 _aSchools
_xFiction.
650 1 _aCounselors
_xFiction.
906 _a7
_bcbc
_corignew
_d1
_eocip
_f19
_gy-gencatlg
942 _2ddc
_cBK
_n0
999 _c171
_d171